Jean célèbres - Statistiques

Statistiques générales
  • Ce quiz a été pris 1 125 fois
  • Le résultat moyen est 10 sur 20
Statistiques - réponses
Descriptif Réponse % Correct
Acteur ayant joué dans Léon, Le Grand Bleu, Les Visiteurs et Da Vinci Code. Reno
95%
Poète connu pour ses fables. de La Fontaine
88%
Acteur connu pour ses rôles dans Brice de Nice, les films OSS 117 ou encore The Artist (pour lequel il obtient l'Oscar du meilleur acteur en 2012). Dujardin
87%
L'un des personnages principaux du roman Les Misérables de Victor Hugo. Valjean
84%
Héros de la Résistance. Moulin
79%
Dramaturge français auteur des pièces Phèdre, Andromaque, Bérénice et Iphigénie. Racine
73%
Auteur-compositeur-interprète de La Montagne, Que serais-je sans toi ? et Nuit et Brouillard. Ferrat
56%
Homme politique français, dreyfusard, participant à la fondation du parti socialiste français, créateur du journal l'Humanité et pacifiste souhaitant à tout prix éviter la Première Guerre mondiale lui valant son assassinat en 1914. Jaurès
49%
Acteur français ayant joué dans La Bête humaine, Gueule d'amour, Le Quai des brumes, Un singe en hiver et Le Pacha. Gabin
48%
Dramaturge français auteur d'Antigone, réécriture moderne de la pièce de Sophocle. Anouilh
45%
Pasteur emblématique de la révolte protestante donnant son nom à une doctrine théologique. Calvin
42%
Acteur français ayant joué dans Un éléphant ça trompe énormément et Nous irons tous au paradis, remportant le César du meilleur acteur en 1978 pour Le Crabe-Tambour. Rochefort
42%
Pape de 1958 à 1963. XXIII
40%
Fils d'un auguste peintre, réalisateur et scénariste ayant marqué le cinéma français entre 1930 et 1950. Renoir
36%
Poète, peintre, dessinateur, dramaturge et cinéaste français, président du jury du festival de Cannes, membre de l'Académie Française et auteur des œuvres Les Enfants terribles, Le Sang d'un poète, La Machine infernale ou encore La Belle et la Bête (film). A marqué la première moitié du XXème siècle. Cocteau
34%
Écrivain français auteur des romans Le Hussard sur le toit et Un roi sans divertissement ainsi que de la nouvelle L'Homme qui plantait des arbres. Giono
28%
Homme politique français assassiné par le régime de Vichy en 1944 ayant révolutionné l'éducation française ainsi que créé le Festival de Cannes, le Musée d'Art moderne ou le CNRS. Zay
11%
Epoux de Niki de Saint Phalle, sculpteur suisse ayant réalisé les Méta Matics. Tinguely
8%
Compositeur finlandais de Finlandia. Sibelius
7%
Peintre et sculpteur ayant conceptualisé "l'art brut". Dubuffet
5%
Aucun quiz correspondant
Distribution des résultats
% des personnes avec chaque résultat
Percentile par nombre de réponses
Votre historique - résultats
Vous n’avez pas pris ce quiz